School psychology

Saved in:  
Bibliographic Details
Previous Title:School psychology quarterly
Corporate Author: American Psychological Association. Herausgebendes Organ (Issuing body)
Format: Electronic Journal
Language:English
Published: Washington, DC [Educational Publishing Foundation of the American Psychological Association] [2019]-
In:Year: 2019
Online Access: Volltext (Frontdoor-Url)
Volltext (Publisher)
Check availability: HBZ Gateway
Subito Delivery Service: Order now.
Volumes / Articles:Show volumes/articles.
Keywords:

MARC

LEADER 00000cas a2200000 c 4500
001 1700202030
003 DE-627
005 20250813150810.0
007 cr |||||||||||
008 200609c20199999xxuq| p|o 0 |0eng c
016 7 |a 1211632350  |2 DE-101 
016 7 |a 3025708-6  |2 DE-600 
022 |a 2578-4226  |l 2578-4218 
035 |a (DE-627)1700202030 
035 |a (DE-599)ZDB3025708-6 
035 |a (OCoLC)1368745135 
040 |a DE-627  |b ger  |c DE-627  |e rda 
041 |a eng 
044 |c XD-US 
082 0 4 |a 150  |q DE-600 
245 0 0 |a School psychology  |c American Psychological Association 
264 3 1 |a Washington, DC  |b [Educational Publishing Foundation of the American Psychological Association]  |c [2019]- 
300 |a Online-Ressource 
336 |a Text  |b txt  |2 rdacontent 
337 |a Computermedien  |b c  |2 rdamedia 
338 |a Online-Ressource  |b cr  |2 rdacarrier 
362 0 |a Volume 34, 1 (January 2019)- 
363 0 1 |j 1  |a 34  |b 4  |i 2019 
500 |a Gesehen am 04.04.25 
500 |a Volltext auch als Teil einer Datenbank verfügbar 
591 |a 82!(04-04-25) 
655 7 |a Zeitschrift  |0 (DE-588)4067488-5  |0 (DE-627)10454466X  |0 (DE-576)20917000X  |2 gnd-content 
710 2 |a American Psychological Association  |e Herausgebendes Organ  |0 (DE-588)959-3  |0 (DE-627)100008984  |0 (DE-576)190134569  |4 isb 
780 0 0 |i Fortsetzung von  |t School psychology quarterly  |d Washington, DC. : APA, 1990  |h Online-Ressource  |w (DE-627)34396676X  |w (DE-600)2073647-2  |w (DE-576)267762119  |x 1939-1560  |k Electronic 
856 4 0 |u https://www.apa.org/pubs/journals/spq/  |x Verlag  |7 1 
856 4 0 |u https://ezb.ur.de/?3025708-6  |x Frontdoor-Url  |7 1 
951 |a JT 
ELC |a 1 
LOK |0 000 xxxxxcy a22 3n 4500 
LOK |0 001 473891846X 
LOK |0 003 DE-627 
LOK |0 004 1700202030 
LOK |0 005 20250626085210 
LOK |0 007 ccruuuuuuuuuuuu 
LOK |0 008 250626||||||||||||||||ger||||||| 
LOK |0 035   |a (DE-600)121703398X 
LOK |0 040   |a DE-21  |c DE-627  |d DE-21 
LOK |0 092   |o k  |p p 
LOK |0 093   |e lokale Zeitschrift  |f Konsortiallizenz  |g Kostenpflichtig 
LOK |0 852   |a DE-21 
LOK |0 852 1  |9 00 
LOK |0 85640  |u https://ezb.ur.de/detail.phtml?bibid=UBTUE&jour_id=130702  |x EZB 
LOK |0 85901  |8 1.1  |a 34  |i 2019 
LOK |0 866   |x PsycArticles via EBSCO Host 
LOK |0 86630  |a 34.2019,1 - 
LOK |0 912   |a PsycArticles_Ebsco 
LOK |0 935   |a cofz  |a zezb 
LOK |0 938   |l lokale Zeitschrift  |8 0 
LOK |0 938   |l Konsortiallizenz  |8 1 
LOK |0 938   |l Kostenpflichtig  |8 2 
LOK |0 939   |a 25-06-25  |b zez 
ORI |a SA-MARC-krimdokb001.raw 
SPR |a 1  |t KRI